000 01327cam a22003617a 4500
003 CHAP
005 20220329140546.0
008 971013c19801973 r 00010 d
010 _a53925
011 _a54897
035 _a59049
040 _cCHAP
082 _a631.4
_bR88 1973
100 0 0 _aRussell, Edward John.
_9100955
245 0 _aSoil conditions and plant growth
250 _a10 ed.
260 _aLondon :
_bLogman,
_c1980 (c.1973)
300 _a849 p.
_b: ilus.
500 _aDe la 1a. a la 7a. ed. el autor es John Russell
590 _aBATCH-UPD
_b10
_c20130110
_lUCH01
_h0647
590 _aCONVERSION
_b10
_c20130109
_lUCH01
_h1329
650 1 4 _aPlantas
_xCrecimiento
_xAditivos.
_988804
650 1 4 _aSuelos.
_9110191
700 0 _aRussell, John.
_9100961
901 _aBK
942 _cLIBRO
949 _a631.4 R88 1973
_bBC
_cLIBRO
_d33724000064176
_eLIBRO
_h50863
_i59049
_si
949 _a631.4 R88 1973
_bBC
_cLIBRO
_d33724000064184
_eLIBRO
_fc.2
_h52175
_i59049
_si
949 _a631.4 R88 1973
_bBC
_cLIBRO
_d33724000064192
_eLIBRO
_fc.3
_h52176
_i59049
_si
949 _a631.4 R88 1973
_bBC
_cLIBRO
_d33724000064200
_eLIBRO
_fc.4
_h52177
_i59049
_si
949 _a631.4 R88 1973
_bBC
_cLIBRO
_d33724000064218
_eLIBRO
_fc.5
_h33685
_i59049
_si
949 _a631.4 R88 1973
_bBC
_cLIBRO
_d33724000064226
_eLIBRO
_fc.6
_h44703
_i59049
_si
999 _c53925
_d53925